<?xml version="1.0" encoding="UTF-8"?>
<record
    xmlns:xsi="http://www.w3.org/2001/XMLSchema-instance"
    xsi:schemaLocation="http://www.loc.gov/MARC21/slim http://www.loc.gov/standards/marcxml/schema/MARC21slim.xsd"
    xmlns="http://www.loc.gov/MARC21/slim">

  <leader>01511nam a22002057a 4500</leader>
  <controlfield tag="003">OSt</controlfield>
  <controlfield tag="005">20260127114908.0</controlfield>
  <controlfield tag="008">260127b        |||||||| |||| 00| 0 eng d</controlfield>
  <datafield tag="020" ind1=" " ind2=" ">
    <subfield code="a">9789366164373</subfield>
  </datafield>
  <datafield tag="041" ind1=" " ind2=" ">
    <subfield code="a">Eng</subfield>
  </datafield>
  <datafield tag="082" ind1=" " ind2=" ">
    <subfield code="2">1st</subfield>
    <subfield code="a">610/SHR</subfield>
  </datafield>
  <datafield tag="100" ind1=" " ind2=" ">
    <subfield code="a"> SREEVANI  R </subfield>
  </datafield>
  <datafield tag="111" ind1=" " ind2=" ">
    <subfield code="a">Nursing Education</subfield>
    <subfield code="9">216492</subfield>
  </datafield>
  <datafield tag="245" ind1=" " ind2=" ">
    <subfield code="a">Essentials of Educational Technology/Nursing Education Semester-V</subfield>
  </datafield>
  <datafield tag="260" ind1=" " ind2=" ">
    <subfield code="a">New Delhi</subfield>
    <subfield code="b">Jaypee Brothers Medical Publishers </subfield>
    <subfield code="c">2025</subfield>
  </datafield>
  <datafield tag="300" ind1=" " ind2=" ">
    <subfield code="a">502 P.</subfield>
  </datafield>
  <datafield tag="500" ind1=" " ind2=" ">
    <subfield code="a">A comprehensive textbook compiled to meet the requirements as per the revised INC syllabus for BSc nursing students.
Written in easy-to-understand language following a lucid style.
Focuses on developing knowledge, attitude, and competencies in teaching and learning.
Covers all major topics on the latest approaches to education and learning, teaching and learning styles, basics in curriculum planning and teaching methods, educational media, assessment and evaluation, guidance and counseling, and evidence-based teaching practice in nursing.
Question bank and multiple-choice questions (MCQs) provided at the end of each chapter to improve self-evaluation and robustness in term end and competitive examinations.
Appendices include course outline, lesson plan, master rotation plan, evaluation formats, and item writing template on multiple choice questions.
Serves as a lifelong companion for basic nursing students and professionals.

</subfield>
  </datafield>
  <datafield tag="610" ind1=" " ind2=" ">
    <subfield code="a">Nursing Education</subfield>
    <subfield code="9">216416</subfield>
  </datafield>
  <datafield tag="942" ind1=" " ind2=" ">
    <subfield code="2">ddc</subfield>
    <subfield code="c">DB</subfield>
  </datafield>
  <datafield tag="999" ind1=" " ind2=" ">
    <subfield code="c">370156</subfield>
    <subfield code="d">370156</subfield>
  </datafield>
</record>
